[Event "World Rapid Women 2019"]
[Site "Moscow RUS"]
[Date "2019.12.26"]
[Round "4.57"]
[White "Nur-Mukhametova, Alisa"]
[Black "Shafigullina, Zarina"]
[Result "0-1"]
[BlackTitle "WFM"]
[WhiteElo "2213"]
[BlackElo "2269"]
[WhiteFideId "54117739"]
[BlackFideId "24174220"]
[EventDate "2019.12.26"]
[EventType "rapid"]

1. Nf3 Nf6 2. g3 b6 3. Bg2 Bb7 4. O-O c5 5. c4 e6 6. Nc3 Be7 7. Re1 d5 8. cxd5
Nxd5 9. Nxd5 Bxd5 10. e4 Bb7 11. d4 O-O 12. Bf4 Nc6 13. Be3 cxd4 14. Nxd4 Ne5
15. Qe2 Bc5 16. Red1 Qc8 17. b3 Ba6 18. Qh5 Ng6 19. Rac1 Qe8 20. e5 Rc8 21. f4
Ne7 22. Bf2 g6 23. Qg5 h6 24. Qg4 Bxd4 25. Bxd4 Nf5 26. Bf2 Qe7 27. Be4 Qa3 28.
Ra1 Qb2 29. Rdb1 Qc3 30. Qf3 Rfd8 31. Qxc3 Rxc3 32. Rd1 Rdc8 33. Kg2 h5 34. Re1
Bd3 35. Bxd3 Rxd3 36. Rad1 Rxd1 37. Rxd1 Rc2 38. Rd8+ Kg7 39. a4 Ne3+ 40. Kf3
Nd5 41. Rd7 a5 42. Bd4 Rxh2 43. Rd6 Rd2 44. Bxb6 Rd3+ 45. Kg2 Rxb3 46. Bxa5 Ra3
47. Bb6 Rxa4 48. Bf2 Ra2 49. Kf3 Ra3+ 50. Kg2 Rd3 51. Kf1 Ra3 52. Kg2 Rd3 53.
Kf1 h4 54. Ke2 Ra3 55. gxh4 Nxf4+ 56. Kd2 Ng2 57. Ke2 Nf4+ 58. Kd2 Rf3 59. Be3
Nd5 60. Bg5 Rf5 61. Kd3 Rxe5 62. Kd4 Re1 63. Rd7 Nf6 64. Ra7 Nh7 65. Be3 Re2 66.
Bf4 Nf6 67. Bg5 Re4+ 68. Kd3 Rg4 69. Ke3 Nh7 70. Kf3 Rc4 71. Be7 Nf6 72. Kg3
Ne4+ 73. Kf3 Nf6 74. Kg3 Nd5 75. Bg5 Nc3 76. Kf3 e5 77. Rd7 Rd4 78. Rc7 Rd3+ 79.
Kf2 Ne4+ 80. Ke2 Rg3 81. Bd8 Rh3 82. Ra7 Nc3+ 83. Kd2 Nd5 84. Ke2 Nf4+ 85. Kf2
Ne6 86. Be7 e4 87. Rd7 e3+ 88. Ke1 Nf4 0-1

[Event "World Rapid Women 2019"]
[Site "Moscow RUS"]
[Date "2019.12.26"]
[Round "4.58"]
[White "Munkhzul, Turmunkh"]
[Black "Heinemann, Josefine"]
[Result "1-0"]
[WhiteTitle "WIM"]
[BlackTitle "WGM"]
[WhiteElo "2278"]
[BlackElo "2318"]
[WhiteFideId "4901878"]
[BlackFideId "12900460"]
[EventDate "2019.12.26"]
[EventType "rapid"]

1. e4 c5 2. Nf3 d6 3. d4 cxd4 4. Nxd4 Nf6 5. Nc3 a6 6. Be3 e6 7. f3 b5 8. Qd2 b4
9. Nd1 e5 10. Nb3 d5 11. exd5 Qxd5 12. Qxd5 Nxd5 13. Bf2 Nc6 14. Ne3 Be6 15.
Nxd5 Bxd5 16. O-O-O Bxb3 17. axb3 Be7 18. Bc4 O-O 19. Rd7 Rfd8 20. Rhd1 a5 21.
Bb6 Rxd7 22. Rxd7 Kf8 23. Bd5 Rc8 24. Rc7 Rxc7 25. Bxc7 Bd8 26. Bxd8 Nxd8 27.
Kd2 Ke7 28. Kd3 Kd6 29. Kc4 f5 30. Bg8 h6 31. Bh7 f4 32. Kb5 Ne6 33. Kxa5 Kc5
34. c3 g5 35. Bf5 bxc3 36. bxc3 Nd8 37. Be4 Nf7 38. Bd3 Nd6 39. b4+ Kd5 40. b5
g4 41. b6 gxf3 42. gxf3 Nb7+ 43. Kb5 Nc5 44. Bf5 Kd6 45. c4 e4 46. fxe4 f3 47.
e5+ Kxe5 48. Kxc5 Kxf5 49. b7 f2 50. b8=Q f1=Q 51. Qf8+ 1-0

[Event "World Rapid Women 2019"]
[Site "Moscow RUS"]
[Date "2019.12.26"]
[Round "4.59"]
[White "Geller, Anastasiya"]
[Black "Antonova, Nadezhda"]
[Result "1-0"]
[WhiteTitle "WFM"]
[BlackTitle "WFM"]
[WhiteElo "2161"]
[BlackElo "1913"]
[WhiteFideId "24119059"]
[BlackFideId "14700182"]
[EventDate "2019.12.26"]
[EventType "rapid"]

1. Nf3 Nf6 2. d4 g6 3. Nc3 c5 4. e4 cxd4 5. Nxd4 d6 6. f3 Bg7 7. Be3 a6 8. Qd2
O-O 9. Bc4 Qc7 10. Bb3 Nc6 11. h4 h5 12. O-O-O Ne5 13. g4 hxg4 14. h5 Nxh5 15.
Nd5 Qd8 16. Bg5 Re8 17. Rdg1 Be6 18. Nxe6 fxe6 19. Nf4 Nxf4 20. Qxf4 d5 21. Bh6
Rf8 22. Qg5 Nxf3 23. Qxg6 Rf7 24. Rxg4 Ne5 25. Qh7+ Kf8 26. Qh8# 1-0

[Event "World Rapid Women 2019"]
[Site "Moscow RUS"]
[Date "2019.12.26"]
[Round "4.60"]
[White "Gvanceladze, Anna"]
[Black "Agrest, Inna"]
[Result "1-0"]
[WhiteTitle "WFM"]
[BlackTitle "WIM"]
[WhiteElo "2270"]
[BlackElo "2286"]
[WhiteFideId "4113721"]
[BlackFideId "1708830"]
[EventDate "2019.12.26"]
[EventType "rapid"]

1. Nf3 Nf6 2. c4 g6 3. g3 Bg7 4. Bg2 d6 5. Nc3 O-O 6. O-O a6 7. d3 c5 8. Rb1 Nc6
9. a3 Ne8 10. Bd2 Nc7 11. b4 Ne6 12. Nd5 cxb4 13. axb4 b5 14. Bc3 Rb8 15. Bxg7
Nxg7 16. Qd2 e6 17. Ne3 h5 18. h4 Bb7 19. d4 Qf6 20. d5 Ne5 21. Nxe5 dxe5 22. d6
bxc4 23. Nxc4 Rfd8 24. Rfd1 Nf5 25. Bxb7 Rxb7 26. Ra1 Rb5 27. Rxa6 Rd5 28. Qe1
e4 29. e3 Nh6 30. Ra5 Rxd1 31. Qxd1 Ng4 32. Qd2 Rc8 33. Rc5 Ra8 34. Ra5 Rc8 35.
d7 Rd8 36. Ra7 Ne5 37. Nxe5 Qxe5 38. Qc2 Qb8 39. Rc7 Qxb4 40. Rc8 Qe7 41. Qc7 1-0

[Event "World Rapid Women 2019"]
[Site "Moscow RUS"]
[Date "2019.12.27"]
[Round "5.1"]
[White "Arabidze, Meri"]
[Black "Bulmaga, Irina"]
[Result "1/2-1/2"]
[WhiteTitle "IM"]
[BlackTitle "IM"]
[WhiteElo "2435"]
[BlackElo "2434"]
[WhiteFideId "13604040"]
[BlackFideId "13903063"]
[EventDate "2019.12.26"]

1. d4 Nf6 2. c4 e6 3. Nf3 b6 4. g3 Bb7 5. Bg2 Be7 6. O-O O-O 7. Re1 Na6 8. Ne5
Bxg2 9. Kxg2 c5 10. d5 Qc7 11. Nf3 Ne4 12. Na3 Qb7 13. Nb5 f5 14. a3 Bf6 15. Qd3
Nc7 16. Nxc7 Qxc7 17. Rb1 e5 18. Nd2 Nxd2 19. Bxd2 e4 20. Qc2 Rae8 21. Bf4 Be5
22. Qd2 Bxf4 23. Qxf4 d6 24. e3 Rf6 25. h4 h5 26. f3 Re5 27. b3 a5 28. Kh2 Qf7
29. b4 cxb4 30. axb4 axb4 31. Rxb4 exf3 32. Rxb6 Qa7 33. Reb1 Rg6 34. Qxf3 Qa2+
35. R1b2 Qxc4 36. Rb8+ Kh7 37. Qxh5+ Rh6 38. Qf7 Qxd5 39. Qxd5 Rxd5 40. R8b5
Rxb5 41. Rxb5 Re6 1/2-1/2

[Event "World Rapid Women 2019"]
[Site "Moscow RUS"]
[Date "2019.12.27"]
[Round "5.2"]
[White "Koneru, Humpy"]
[Black "Girya, Olga"]
[Result "1-0"]
[WhiteTitle "GM"]
[BlackTitle "WGM"]
[WhiteElo "2574"]
[BlackElo "2488"]
[WhiteFideId "5008123"]
[BlackFideId "4195752"]
[EventDate "2019.12.26"]

1. d4 Nf6 2. c4 e6 3. Nf3 d5 4. Nc3 Bb4 5. Qa4+ Nc6 6. e3 O-O 7. Qc2 b6 8. cxd5
exd5 9. Bd3 Bb7 10. O-O Re8 11. a3 Bxc3 12. Qxc3 Ne4 13. Qc2 Ne7 14. b4 Ng6 15.
Bb2 Rc8 16. Rac1 c5 17. bxc5 bxc5 18. dxc5 Nxc5 19. Bf5 Ne6 20. Qb1 Ba6 21. Rxc8
Qxc8 22. Rc1 Qb8 23. Qa1 Qb7 24. h4 Be2 25. h5 Ngf8 26. Bg4 h6 27. Re1 Bd3 28.
Ne5 Be4 29. f3 Bh7 30. Rc1 Qb6 31. Bd4 Nxd4 32. Qxd4 Qd6 33. f4 Qxa3 34. Ra1 Qd6
35. Rxa7 f6 36. Nc4 Qd8 37. Nb6 Be4 38. Nd7 Qc8 39. Nxf6+ gxf6 40. Bxc8 Rxc8 41.
Qxf6 1-0

[Event "World Rapid Women 2019"]
[Site "Moscow RUS"]
[Date "2019.12.27"]
[Round "5.3"]
[White "Charochkina, Daria"]
[Black "Tan, Zhongyi"]
[Result "0-1"]
[WhiteTitle "IM"]
[BlackTitle "GM"]
[WhiteElo "2355"]
[BlackElo "2502"]
[WhiteFideId "4180917"]
[BlackFideId "8603642"]
[EventDate "2019.12.26"]

1. d4 Nf6 2. Bg5 d5 3. Bxf6 exf6 4. e3 f5 5. c4 Bb4+ 6. Nc3 O-O 7. Qb3 Bxc3+ 8.
bxc3 f4 9. cxd5 fxe3 10. Nf3 exf2+ 11. Kxf2 Nd7 12. Bd3 Nf6 13. Rhf1 Qxd5 14. c4
Qh5 15. Kg1 b6 16. Rae1 Bg4 17. Ne5 Rae8 18. Bb1 Bc8 19. Qg3 Ng4 20. Re4 f5 21.
Ree1 Nxe5 22. dxe5 Be6 23. Rf4 Rd8 24. Rh4 Qg6 25. Qe3 Rd7 26. Rd4 Rfd8 27. Red1
Qf7 28. h3 Bxc4 29. Rxd7 Rxd7 30. Re1 Be6 31. Kh2 h6 32. Rf1 Qh5 33. Qa3 Qe2 34.
Rg1 Qxe5+ 35. Kh1 a5 36. Qf3 Bd5 37. Qh5 Be4 38. Bxe4 Qxe4 39. Rf1 Kh7 0-1

[Event "World Rapid Women 2019"]
[Site "Moscow RUS"]
[Date "2019.12.27"]
[Round "5.4"]
[White "Kashlinskaya, Alina"]
[Black "Harika, Dronavalli"]
[Result "1/2-1/2"]
[WhiteTitle "IM"]
[BlackTitle "GM"]
[WhiteElo "2484"]
[BlackElo "2518"]
[WhiteFideId "4198026"]
[BlackFideId "5015197"]
[EventDate "2019.12.26"]

1. d4 d5 2. c4 c6 3. Nf3 Nf6 4. Nbd2 g6 5. e3 Bg7 6. b3 O-O 7. Bb2 a5 8. Be2 Na6
9. O-O Ne4 10. Nxe4 dxe4 11. Nd2 f5 12. a3 c5 13. b4 b6 14. Qb3 cxb4 15. axb4
Nxb4 16. Bc3 Be6 17. Bxb4 axb4 18. Rxa8 Qxa8 19. Qxb4 Qa2 20. Bd1 Bf7 21. Bb3
Qa7 22. Rb1 Ra8 23. c5 bxc5 24. Bxf7+ Kxf7 25. Qc4+ Kf8 26. dxc5 Rb8 27. Rxb8+
Qxb8 28. c6 Be5 29. g3 Qd6 30. Qc2 Kg7 31. Kg2 h5 32. h4 Qd5 33. Nb3 Kf8 34. Kh2
Qd3 35. Qxd3 exd3 36. Kg2 Ke8 37. Kf3 Kd8 38. e4 Kc7 39. exf5 gxf5 1/2-1/2

[Event "World Rapid Women 2019"]
[Site "Moscow RUS"]
[Date "2019.12.27"]
[Round "5.5"]
[White "Muzychuk, Anna"]
[Black "Nurgali, Nazerke"]
[Result "1/2-1/2"]
[WhiteTitle "GM"]
[BlackTitle "WFM"]
[WhiteElo "2537"]
[BlackElo "2336"]
[WhiteFideId "14111330"]
[BlackFideId "13711261"]
[EventDate "2019.12.26"]

1. e4 c6 2. d4 d5 3. e5 Bf5 4. h4 h5 5. Bd3 Bxd3 6. Qxd3 e6 7. Bg5 Qa5+ 8. Nd2
Qa6 9. c4 Nd7 10. Ngf3 Be7 11. O-O Bxg5 12. hxg5 g6 13. b4 Ne7 14. a4 O-O 15. b5
Qa5 16. Rfb1 Qc7 17. c5 Rfc8 18. a5 a6 19. bxc6 Nxc6 20. Nb3 Ndb8 21. Nfd2 Ne7
22. Rb2 Nbc6 23. Nb1 Nf5 24. Nc3 Kg7 25. Qd2 Rh8 26. g3 Rh7 27. Ne2 Rah8 28.
Nbc1 Nfe7 29. Ra3 h4 30. g4 h3 31. Kh2 Rh4 32. f3 Ng8 33. Rb6 Nge7 34. Nd3 Nc8
35. Rb1 N8a7 36. Rb6 Nc8 37. Rb1 N8a7 38. Rb6 Nc8 39. Rb1 1/2-1/2

[Event "World Rapid Women 2019"]
[Site "Moscow RUS"]
[Date "2019.12.27"]
[Round "5.7"]
[White "Lei, Tingjie"]
[Black "Shuvalova, Polina"]
[Result "1-0"]
[WhiteTitle "GM"]
[BlackTitle "WGM"]
[WhiteElo "2483"]
[BlackElo "2446"]
[WhiteFideId "8605114"]
[BlackFideId "24171760"]
[EventDate "2019.12.26"]

1. d4 Nf6 2. c4 e6 3. Nc3 Bb4 4. Qc2 d5 5. cxd5 exd5 6. Nf3 O-O 7. Bg5 Re8 8. e3
h6 9. Bh4 c5 10. Be2 c4 11. O-O g5 12. Bg3 Nc6 13. Ne5 Bxc3 14. bxc3 Ne4 15. Bh5
Be6 16. Nxc6 bxc6 17. Be5 Bf5 18. Qb2 Qb6 19. Qa3 Qd8 20. Rfb1 Qe7 21. Qa6 Red8
22. Qxc6 Rac8 23. Qa6 f6 24. Rb7 Rd7 25. Rxd7 Bxd7 26. f3 Rc6 27. Qa5 Nd2 28.
Qxd5+ Kg7 29. Bg3 Re6 30. Bf2 Rd6 31. Qc5 Ba4 32. e4 Qd7 33. Be3 Rc6 34. Qa5 1-0

[Event "World Rapid Women 2019"]
[Site "Moscow RUS"]
[Date "2019.12.27"]
[Round "5.8"]
[White "Pogonina, Natalija"]
[Black "Munguntuul, Batkhuyag"]
[Result "1-0"]
[WhiteTitle "WGM"]
[BlackTitle "IM"]
[WhiteElo "2479"]
[BlackElo "2430"]
[WhiteFideId "4147855"]
[BlackFideId "4900758"]
[EventDate "2019.12.26"]

1. d4 d5 2. c4 c6 3. Nf3 Nf6 4. e3 Bf5 5. Nc3 e6 6. Nh4 Be4 7. f3 Bg6 8. Qb3 Qc7
9. Bd2 Be7 10. Nxg6 hxg6 11. O-O-O dxc4 12. Bxc4 b5 13. Be2 a6 14. Ne4 c5 15.
Nxc5 Nbd7 16. Kb1 Nxc5 17. dxc5 O-O 18. Rc1 Rfc8 19. Rc2 Nd7 20. c6 Nc5 21. Qc3
Qd6 22. Qd4 e5 23. Qxd6 Bxd6 24. Bb4 Rxc6 25. Rhc1 Rac8 26. Be1 R6c7 27. Ba5 Ne6
28. Bxc7 Bxc7 29. Rc6 Ra8 30. Rxe6 fxe6 31. Rxc7 1-0

[Event "World Rapid Women 2019"]
[Site "Moscow RUS"]
[Date "2019.12.27"]
[Round "5.9"]
[White "Atalik, Ekaterina"]
[Black "Abdumalik, Zhansaya"]
[Result "1-0"]
[WhiteTitle "IM"]
[BlackTitle "IM"]
[WhiteElo "2462"]
[BlackElo "2465"]
[WhiteFideId "4130189"]
[BlackFideId "13703544"]
[EventDate "2019.12.26"]

1. d4 Nf6 2. Nf3 g6 3. g3 Bg7 4. Bg2 c5 5. c3 Na6 6. O-O O-O 7. Re1 d5 8. Bf4
Qb6 9. Qb3 Bf5 10. Nbd2 Rfc8 11. Qxb6 axb6 12. Be5 Ne4 13. Bxg7 Kxg7 14. e3 b5
15. Nxe4 Bxe4 16. Ne5 Bxg2 17. Kxg2 b4 18. Rec1 bxc3 19. bxc3 Rc7 20. Rcb1 c4
21. Rb5 e6 22. g4 f6 23. Nf3 Nb8 24. g5 Nd7 25. gxf6+ Nxf6 26. Ng5 Re7 27. Rab1
Nd7 28. Rxb7 Kf6 29. Nf3 Rxa2 30. Rc7 Nf8 31. Rbb7 Rxc7 32. Rxc7 Ra8 33. Ne5 Kg5
34. f4+ Kh5 35. Kg3 g5 36. Rg7 gxf4+ 37. Kxf4 Kh6 38. Re7 Ra3 39. Re8 Ng6+ 40.
Nxg6 hxg6 41. Rxe6 Rxc3 42. Rd6 Rc2 43. Rxd5 Rxh2 44. Rc5 Rc2 45. d5 c3 46. d6
Rc1 47. Ke5 c2 48. e4 g5 49. d7 Rd1 50. Ke6 g4 51. Rxc2 Rd4 52. e5 Kg5 53. Ke7
Kf5 54. e6 Rd3 55. Rf2+ Ke5 56. Re2+ Kf4 57. d8=Q Rxd8 58. Kxd8 1-0

[Event "World Rapid Women 2019"]
[Site "Moscow RUS"]
[Date "2019.12.27"]
[Round "5.10"]
[White "Dzagnidze, Nana"]
[Black "Goltseva, Ekaterina"]
[Result "1-0"]
[WhiteTitle "GM"]
[BlackTitle "FM"]
[WhiteElo "2520"]
[BlackElo "2297"]
[WhiteFideId "13601903"]
[BlackFideId "24173770"]
[EventDate "2019.12.26"]

1. c4 Nf6 2. Nc3 c5 3. Nf3 e6 4. e3 d5 5. d4 Nc6 6. a3 dxc4 7. Bxc4 a6 8. O-O b5
9. Bd3 Bb7 10. dxc5 Bxc5 11. b4 Bd6 12. Bb2 Ne5 13. Nxe5 Bxe5 14. f4 Bc7 15. Qe2
O-O 16. e4 e5 17. Rad1 Qe7 18. Nd5 Nxd5 19. exd5 Bxd5 20. Bxh7+ Kxh7 21. Rxd5
Qe6 22. Rfd1 Bb6+ 23. Kh1 exf4 24. Qh5+ Qh6 25. Qg4 g6 26. Bf6 Rae8 27. Bg5 Qh5
28. Qxh5+ gxh5 29. Bxf4 Re6 30. Rxh5+ Kg6 31. Rg5+ Kf6 32. Rf1 Ke7 33. Rf5 f6
34. h4 Rh8 35. h5 Re4 36. g3 Bd4 37. Kg2 Ke6 38. Kf3 Kxf5 39. g4+ Ke6 40. Kxe4
Bb2 41. Rd1 Bxa3 42. Rd6+ Kf7 43. Kf5 Bb2 44. Rd7+ Ke8 45. Ra7 Rf8 46. Ke6 1-0

[Event "World Rapid Women 2019"]
[Site "Moscow RUS"]
[Date "2019.12.27"]
[Round "5.12"]
[White "Batsiashvili, Nino"]
[Black "Buksa, Nataliya"]
[Result "1-0"]
[WhiteTitle "GM"]
[BlackTitle "IM"]
[WhiteElo "2447"]
[BlackElo "2403"]
[WhiteFideId "13602993"]
[BlackFideId "14123622"]
[EventDate "2019.12.26"]

1. d4 d5 2. Nf3 Nf6 3. Bf4 e6 4. e3 Bd6 5. Bg3 c5 6. Nbd2 Qc7 7. c4 O-O 8. dxc5
Qxc5 9. Rc1 Bxg3 10. hxg3 Nc6 11. Bd3 e5 12. Ng5 h6 13. cxd5 Qxd5 14. Nde4 Rd8
15. Rxh6 Ng4 16. Rd6 Rxd6 17. Nxd6 Qxg2 18. Qe2 Nh6 19. Be4 Qh2 20. Bd5 Bg4 21.
Qc4 Qg1+ 22. Qf1 Qxf1+ 23. Kxf1 Rd8 24. Ngxf7 Nxf7 25. Bxf7+ Kf8 26. Nxb7 Rd7
27. Rxc6 Bf3 28. Rd6 Rxb7 29. Bd5 Bxd5 30. Rxd5 Rxb2 31. Ra5 Kf7 32. Rxa7+ Kf6
33. Kg2 g6 34. a4 e4 35. a5 Ra2 36. a6 Ra1 37. Ra8 Kf5 38. a7 Kg5 39. Re8 Rxa7
40. Rxe4 Kf5 41. Rb4 Ra2 42. g4+ Kg5 43. Kg3 Ra3 44. Rb5+ Kf6 45. Kf4 Ra2 46. f3
Ra4+ 47. e4 Ra3 48. Rb6+ Kg7 49. e5 g5+ 50. Kxg5 Rxf3 51. Rb7+ Kf8 52. Kg6 Re3
53. Rf7+ Kg8 54. Rf5 Re1 55. g5 Re2 56. Kf6 Ra2 57. Rf3 Ra8 58. Rb3 Rf8+ 59. Kg6
Re8 60. Rb6 Kf8 61. Kf6 Kg8 62. e6 Rf8+ 63. Kg6 Re8 64. Rc6 Kf8 65. Kf6 Kg8 66.
e7 Ra8 67. Rd6 Kh7 68. Rd8 Ra6+ 69. Kf7 Ra7 70. Kf8 Ra5 71. g6+ Kh6 72. e8=Q
Rf5+ 73. Qf7 1-0

[Event "World Rapid Women 2019"]
[Site "Moscow RUS"]
[Date "2019.12.27"]
[Round "5.13"]
[White "Lagno, Kateryna"]
[Black "Khomeriki, Nino"]
[Result "1-0"]
[WhiteTitle "GM"]
[BlackTitle "WGM"]
[WhiteElo "2547"]
[BlackElo "2355"]
[WhiteFideId "14109336"]
[BlackFideId "13603191"]
[EventDate "2019.12.26"]

1. e4 e5 2. Nf3 Nc6 3. Nc3 Nf6 4. Bb5 Bb4 5. O-O O-O 6. d3 d6 7. Ne2 h6 8. c3
Ba5 9. Ng3 Ne7 10. d4 c6 11. Bd3 Ng6 12. h3 Bb6 13. Be3 Re8 14. Re1 Be6 15. Qd2
Qc7 16. c4 c5 17. d5 Ba5 18. Qc1 Bxe1 19. dxe6 Ba5 20. exf7+ Kxf7 21. Nf5 Ng8
22. Nh2 Qd7 23. Qd1 Nf4 24. Bc2 Re6 25. g3 Ng6 26. Ba4 Qd8 27. Qf3 Nf6 28. Rd1
Bc7 29. Ng4 a6 30. h4 Kg8 31. Bxc5 dxc5 32. Rxd8+ Rxd8 33. Nfxh6+ Kf8 34. Qf5
Ke7 35. Qxg6 gxh6 36. Qg7+ Kd6 37. Nxf6 Ba5 38. Ne8+ Rexe8 39. Bxe8 Rxe8 40.
Qxb7 Be1 41. Qxa6+ 1-0

[Event "World Rapid Women 2019"]
[Site "Moscow RUS"]
[Date "2019.12.27"]
[Round "5.14"]
[White "Maltsevskaya, Aleksandra"]
[Black "Muzychuk, Mariya"]
[Result "0-1"]
[WhiteTitle "WGM"]
[BlackTitle "GM"]
[WhiteElo "2318"]
[BlackElo "2559"]
[WhiteFideId "24174041"]
[BlackFideId "14114550"]
[EventDate "2019.12.26"]

1. e4 c5 2. Nf3 e6 3. g3 Nc6 4. Bg2 Nf6 5. d3 d6 6. O-O Be7 7. Nbd2 O-O 8. a4
Rb8 9. Nc4 b6 10. e5 dxe5 11. Nfxe5 Nxe5 12. Nxe5 Bb7 13. Bxb7 Rxb7 14. Bg5 Qd5
15. Qf3 Qxf3 16. Nxf3 h6 17. Bd2 Nd5 18. a5 Bf6 19. axb6 axb6 20. Ra2 Rc8 21.
Rfa1 Nb4 22. Ra8 Rc7 23. Rxc8+ Rxc8 24. Bc3 Nxc2 25. Rc1 Bxc3 26. bxc3 Na3 27.
c4 b5 28. cxb5 Nxb5 29. Ne5 Nd4 30. Kg2 Rc7 31. Rb1 Kh7 32. Rb8 f6 33. Nc4 e5
34. Rd8 Nc6 35. Rd5 Nb4 36. Rd8 Ra7 37. h4 h5 38. Kf3 Ra1 39. Ne3 Ra3 40. Ke4
Kg6 41. Rd7 Nxd3 42. Rxd3 f5+ 43. Nxf5 Rxd3 44. Ne7+ Kf7 45. Nc6 Rd2 46. Nxe5+
Ke6 47. Ke3 Rxf2 48. Nd3 Rf5 49. Nf4+ Rxf4 50. Kxf4 Kd5 51. g4 hxg4 52. Kxg4 c4
53. Kf3 Kd4 54. Ke2 Kc3 0-1

[Event "World Rapid Women 2019"]
[Site "Moscow RUS"]
[Date "2019.12.27"]
[Round "5.15"]
[White "Badelka, Olga"]
[Black "Stefanova, Antoaneta"]
[Result "1/2-1/2"]
[WhiteTitle "IM"]
[BlackTitle "GM"]
[WhiteElo "2399"]
[BlackElo "2476"]
[WhiteFideId "13509926"]
[BlackFideId "2902257"]
[EventDate "2019.12.26"]

1. c4 e6 2. g3 d5 3. Bg2 dxc4 4. Qa4+ Bd7 5. Qxc4 Bc6 6. Nf3 Nd7 7. O-O Ngf6 8.
d4 Bd6 9. Nc3 O-O 10. Rd1 a6 11. Qd3 b5 12. a3 Rb8 13. e4 e5 14. d5 Nc5 15. Qc2
Be8 16. b4 Ncd7 17. Nh4 Nb6 18. Nf5 Bd7 19. Bg5 h6 20. Be3 Nc4 21. Ba7 Ra8 22.
Bc5 a5 23. Ne3 Nxe3 24. fxe3 Qe7 25. Na2 Ng4 26. Re1 axb4 27. Bxd6 cxd6 28. Nxb4
Rfc8 29. Qd3 Rc5 30. h3 Nf6 31. Rec1 Rac8 32. Qd2 Rc4 33. Rxc4 Rxc4 34. Qd3 Qd8
35. Ra2 Qb6 36. Rc2 Qc5 37. Rxc4 bxc4 38. Qc3 Bb5 39. Kf2 Nd7 40. Bf3 Nb6 41.
Bd1 Bd7 42. g4 h5 43. gxh5 Bxh3 44. Nc6 Kf8 45. Qb4 Qxb4 46. Nxb4 Bd7 47. Ke1
Ke7 48. Kd2 Bb5 49. Kc3 Kd7 50. Bc2 Kc7 51. Bd1 Kb7 52. Bc2 Be8 53. Bd1 Bd7 54.
Be2 Bb5 55. Bd1 f6 56. Bc2 Be8 57. Bd1 Bb5 58. Bc2 Be8 59. Bd1 Bb5 1/2-1/2

[Event "World Rapid Women 2019"]
[Site "Moscow RUS"]
[Date "2019.12.27"]
[Round "5.16"]
[White "Saduakassova, Dinara"]
[Black "Assaubayeva, Bibisara"]
[Result "1/2-1/2"]
[WhiteTitle "IM"]
[BlackTitle "FM"]
[WhiteElo "2505"]
[BlackElo "2375"]
[WhiteFideId "13700090"]
[BlackFideId "13708694"]
[EventDate "2019.12.26"]

1. d4 d5 2. c4 c6 3. Nf3 Nf6 4. e3 Bf5 5. Nc3 e6 6. Nh4 Be4 7. f3 Bg6 8. Qb3 Qc7
9. Bd2 Be7 10. cxd5 cxd5 11. Nxg6 hxg6 12. O-O-O Nc6 13. Kb1 a6 14. Rc1 Rc8 15.
Bd3 Nd7 16. Ne2 Qb6 17. Qxb6 Nxb6 18. a3 Bf6 19. h3 Kd7 20. Ka2 Ne7 21. b3 Nf5
22. g4 Rxc1 23. Rxc1 Ne7 24. Ng1 g5 25. Ba5 Na8 26. Kb2 Nc6 27. Bc3 Nc7 28. Rf1
Ne8 29. Rd1 Nd6 30. Bf1 Bd8 31. Be1 Ba5 32. Bg3 Ne7 33. Ne2 Ng6 34. Nc1 Bc7 35.
Nd3 Nb5 36. Nc5+ Kc8 37. Bf2 Bd6 38. Rc1 Nc7 39. Nd3 Kd7 40. a4 Nh4 41. Ne1 Ng6
42. Rc2 Ne7 43. Nd3 Nc6 44. Be1 Na8 45. Nc5+ Bxc5 46. dxc5 Nc7 47. b4 Ne5 48.
Bc3 f6 49. f4 gxf4 50. exf4 Nc4+ 51. Bxc4 dxc4 52. Rh2 Nd5 53. g5 Rh4 54. gxf6
gxf6 55. f5 exf5 56. b5 axb5 57. axb5 f4 58. Rd2 Ke6 59. Re2+ Kf5 60. Rd2 Ke4
61. Rd4+ Ke5 62. Rxc4+ Nxc3 63. Rxc3 Rh8 64. Kc2 Ke4 65. c6 bxc6 66. bxc6 f3 67.
Kd2 Kf4 68. c7 Rc8 69. Ke1 Kg3 70. Kf1 f5 71. Rc4 f4 72. h4 Kxh4 73. Kf2 Kg5 74.
Kxf3 Kf5 75. Rxf4+ Ke6 76. Rc4 Kd7 77. Ke4 Rxc7 78. Rxc7+ Kxc7 1/2-1/2

[Event "World Rapid Women 2019"]
[Site "Moscow RUS"]
[Date "2019.12.27"]
[Round "5.17"]
[White "Pourkashiyan, Atousa"]
[Black "Ushenina, Anna"]
[Result "0-1"]
[WhiteTitle "WGM"]
[BlackTitle "GM"]
[WhiteElo "2305"]
[BlackElo "2416"]
[WhiteFideId "12502014"]
[BlackFideId "14110911"]
[EventDate "2019.12.26"]

1. e4 c5 2. Nf3 a6 3. c3 d5 4. exd5 Qxd5 5. d4 Nf6 6. Be2 e6 7. O-O cxd4 8. cxd4
Nc6 9. Nc3 Qd6 10. Bg5 Be7 11. Qd2 O-O 12. Rac1 Rd8 13. Rfd1 Nd5 14. Bd3 Bxg5
15. Nxg5 h6 16. Nf3 Bd7 17. Bb1 Be8 18. Qd3 f5 19. Re1 Bf7 20. Ne2 Rac8 21. a3
Rd7 22. Ne5 Rdc7 23. Nxf7 Rxf7 24. Ba2 Rfc7 25. Rcd1 Nce7 26. Bb1 Rc6 27. Qh3
Kh8 28. Qd3 Rb6 29. Rd2 Qd7 30. Qf3 Qa4 31. Nf4 Nxf4 32. Qxf4 Rbc6 33. Rde2 Qc4
34. h3 Rd8 35. Qh4 Rd7 36. Rd2 Rcd6 37. Red1 Nc6 38. Bd3 Qxd4 39. Qh5 Qf6 40.
Qe8+ Kh7 41. Qh5 Ne5 42. Qe2 Nxd3 43. Rxd3 Rxd3 44. Rxd3 Rxd3 45. Qxd3 Qxb2 46.
Qd7 Qa1+ 47. Kh2 Qe5+ 48. g3 Qd5 49. Qf7 Qf3 50. Kg1 Qe4 51. h4 e5 52. h5 f4 53.
gxf4 exf4 54. Kh2 f3 55. Kg3 b5 56. Qa7 Qe5+ 57. Kxf3 Qxh5+ 58. Kg3 Qe5+ 59. Kg2
Qd5+ 60. Kg1 Qd1+ 61. Kg2 Qg4+ 62. Kh2 Qf4+ 63. Kg2 Qd6 64. Qe3 a5 65. Kf1 Qd5
66. Qe7 b4 67. axb4 Qc4+ 68. Kg1 axb4 69. Qd7 Qc2 70. Kg2 b3 71. Qa4 Qg6+ 0-1

[Event "World Rapid Women 2019"]
[Site "Moscow RUS"]
[Date "2019.12.27"]
[Round "5.18"]
[White "Ovod, Evgenija"]
[Black "Gunina, Valentina"]
[Result "0-1"]
[WhiteTitle "IM"]
[BlackTitle "GM"]
[WhiteElo "2362"]
[BlackElo "2492"]
[WhiteFideId "4131827"]
[BlackFideId "4167570"]
[EventDate "2019.12.26"]

1. e4 e5 2. Nf3 Nc6 3. Bc4 Bc5 4. O-O Nf6 5. d3 d6 6. c3 O-O 7. Bb3 a6 8. Nbd2
Ba7 9. h3 Qe7 10. Re1 Be6 11. Bc2 Nh5 12. Nf1 f5 13. Ng5 fxe4 14. Qxh5 Bxf2+ 15.
Kh2 g6 16. Qe2 Bxe1 17. Qxe1 exd3 18. Bxd3 d5 19. Nxe6 Qxe6 20. Bh6 Rf7 21. Ng3
e4 22. Bc2 Ne5 23. Bb3 Qd6 24. Qe3 c5 25. Rd1 c4 26. Qxe4 Rd8 27. Qh4 cxb3 28.
axb3 Re8 29. Kh1 Nd7 30. c4 Qb6 31. cxd5 Qxb3 32. Rd2 Re1+ 33. Kh2 Qb6 34. Ne2
Rff1 35. d6 Ne5 0-1